Yes, maam!

Bibliographic Details
Main Author: Areila Sahimi (Author)
Format: Book
Language:Malay
Published: Kuala Lumpur : Penerbitan Kaki Novel Sdn Bhd 2015
Subjects:

MARC

LEADER 00000cam a2200000 7i4500
001 0000030788
005 20240910.0
008 240319 my may
020 |a 9789670448855 (paperback) 
040 |a INS   |b eng   |e rda 
090 0 0 |a PL5186.A74   |b .Y47 2015 
100 0 |a Areila Sahimi ,   |e author 
245 1 0 |a Yes, maam!   |c Areila Sahimi 
264 1 |a Kuala Lumpur :   |b Penerbitan Kaki Novel Sdn Bhd   |c 2015 
300 |a 584 page ;   |c 19 cm. 
336 |a text  |2 rdacontent 
337 |a unmediated  |2 rdamedia 
338 |a volume  |2 rdacarrier 
650 0 |a Malay fiction 
650 0 |a Malaysian fiction (Malay) 
999 |a 0000025092   |b BOOK   |c Open Shelf   |e Default branch